00401nam a22001217a 450000500170000000800410001704000110005810000150006924500980008426000280018230000160021085600530022620250610190741.0220407b |||||||| |||| 00| 0 eng d cSVYASA aGhan Shyam aDesigning and validation of arrogance sub domain in personality (Asuri Sampat) questionnaire  aBangalorebSVYASAc2022 a25 p.ehbk. uhttps://elibraryofyoga.com/handle/123456789/1987